CABLE TELEVISION TECHNOLOGY & OPERATIONS (Record no. 17925)
[ view plain ]
| 000 -LEADER | |
|---|---|
| fixed length control field | 00407nam a2200169Ia 4500 |
| 003 - CONTROL NUMBER IDENTIFIER | |
| control field | OSt |
| 005 - DATE AND TIME OF LATEST TRANSACTION | |
| control field | 20240207141819.0 |
| 008 - FIXED-LENGTH DATA ELEMENTS--GENERAL INFORMATION | |
| fixed length control field | 170619s9999 xx 000 0 und d |
| 020 ## - INTERNATIONAL STANDARD BOOK NUMBER | |
| International Standard Book Number | 9780071132251 |
| 040 ## - CATALOGING SOURCE | |
| Transcribing agency | IIMT ENGINEERING COLLEGE |
| 100 ## - MAIN ENTRY--PERSONAL NAME | |
| Personal name | Barlett |
| 245 #0 - TITLE STATEMENT | |
| Title | CABLE TELEVISION TECHNOLOGY & OPERATIONS |
| 260 ## - PUBLICATION, DISTRIBUTION, ETC. | |
| Name of publisher, distributor, etc. | New Delhi; M G H |
| 260 ## - PUBLICATION, DISTRIBUTION, ETC. | |
| Date of publication, distribution, etc. | 1993 |
| 546 ## - LANGUAGE NOTE | |
| Language note | ENGLISH |
| 942 ## - ADDED ENTRY ELEMENTS (KOHA) | |
| Source of classification or shelving scheme | |
| Koha item type | Text-Book- for 7 days |
| Withdrawn status | Lost status | Source of classification or shelving scheme | Damaged status | Not for loan | Home library | Current library | Date acquired | Source of acquisition | Barcode | Date last seen | Uniform Resource Identifier | Price effective from | Koha item type |
|---|---|---|---|---|---|---|---|---|---|---|---|---|---|
| IIMT Engineering College-BTech | IIMT Engineering College-BTech | 01/29/2005 | 1 | 06-B-12972 | 07/03/2017 | EC / EN | 07/03/2017 | Text-Book- for 7 days | |||||
| IIMT Engineering College-BTech | IIMT Engineering College-BTech | 01/29/2005 | 1 | 06-B-12973 | 07/03/2017 | EC / EN | 07/03/2017 | Text-Book- for 7 days |

